| 000 | 00464nam a2200181Ia 4500 | ||
|---|---|---|---|
| 005 | 20250423101612.0 | ||
| 008 | 250422s9999 xx 000 0 und d | ||
| 020 | _a9789784856737 | ||
| 050 | _aJF 51. U36/ | ||
| 100 | _aUjo, Abdulhameed A. | ||
| 245 | 0 | _aUnderstanding comparative politics | |
| 260 | _aKaduna | ||
| 260 | _bJoyce Graphic Printers | ||
| 260 | _c2008 | ||
| 300 | _a125 p | ||
| 650 | _aComparative government. Domestic politics | ||
| 942 | _cBK | ||
| 999 |
_c36726 _d36726 |
||